[Event "M.Botvinnik Memorial 2012 Blitz"]
[Site "St. Petersburg"]
[Date "2012.08.24"]
[Round "1.12"]
[White "Ganichev, Alexander"]
[Black "Khismatullin, Denis"]
[Result "0-1"]
[LiveChessVersion "1.3.1"]
[BlackElo "2607"]
[WhiteElo "2227"]

1. e4 {[%clk 0:03:02]} c5 {[%clk 0:03:03]} 2. Nf3 {[%clk 0:03:02]} d6
{[%clk 0:03:04]} 3. d4 {[%clk 0:03:02]} cxd4 {[%clk 0:03:05]} 4. Nxd4
{[%clk 0:03:02]} Nf6 {[%clk 0:03:05]} 5. Nc3 {[%clk 0:03:02]} a6 {[%clk 0:03:06]}
6. f4 {[%clk 0:03:01]} Nbd7 {[%clk 0:03:00]} 7. Bd3 {[%clk 0:02:54]} g6
{[%clk 0:02:57]} 8. Nf3 {[%clk 0:02:49]} Bg7 {[%clk 0:02:35]} 9. O-O
{[%clk 0:02:45]} O-O {[%clk 0:02:34]} 10. Qe1 {[%clk 0:02:34]} e5
{[%clk 0:02:16]} 11. Kh1 {[%clk 0:02:25]} b5 {[%clk 0:02:12]} 12. a3
{[%clk 0:02:22]} Bb7 {[%clk 0:02:10]} 13. Qh4 {[%clk 0:02:11]} Nh5
{[%clk 0:02:02]} 14. Qxd8 {[%clk 0:01:26]} Rfxd8 {[%clk 0:01:54]} 15. fxe5
{[%clk 0:01:13]} Nxe5 {[%clk 0:01:51]} 16. Bd2 {[%clk 0:01:13]} Rac8
{[%clk 0:01:48]} 17. Rad1 {[%clk 0:01:11]} Nxd3 {[%clk 0:01:21]} 18. cxd3
{[%clk 0:01:12]} Re8 {[%clk 0:01:10]} 19. Rfe1 {[%clk 0:01:01]} Nf6
{[%clk 0:01:09]} 20. Bf4 {[%clk 0:00:58]} Rcd8 {[%clk 0:01:01]} 21. h3
{[%clk 0:00:52]} d5 {[%clk 0:00:42]} 22. e5 {[%clk 0:00:45]} Nh5 {[%clk 0:00:42]}
23. Bg5 {[%clk 0:00:43]} Rd7 {[%clk 0:00:35]} 24. d4 {[%clk 0:00:40]} Ng3+
{[%clk 0:00:34]} 25. Kh2 {[%clk 0:00:40]} Ne4 {[%clk 0:00:34]} 26. Bd2
{[%clk 0:00:20]} f6 {[%clk 0:00:26]} 27. exf6 {[%clk 0:00:18]} Bxf6
{[%clk 0:00:26]} 28. Ne2 {[%clk 0:00:18]} Nxd2 {[%clk 0:00:25]} 29. Rxd2
{[%clk 0:00:16]} Rde7 {[%clk 0:00:26]} 30. Kg1 {[%clk 0:00:15]} Bc8
{[%clk 0:00:21]} 31. Kf1 {[%clk 0:00:15]} Bf5 {[%clk 0:00:19]} 32. Nf4
{[%clk 0:00:13]} Be4 {[%clk 0:00:16]} 33. Kf2 {[%clk 0:00:14]} Kg7
{[%clk 0:00:15]} 34. g3 {[%clk 0:00:09]} Rc8 {[%clk 0:00:11]} 35. Red1
{[%clk 0:00:09]} Rec7 {[%clk 0:00:09]} 36. Ne6+ {[%clk 0:00:10]} Kf7
{[%clk 0:00:09]} 37. Nxc7 {[%clk 0:00:11]} Rxc7 {[%clk 0:00:11]} 38. Ne5+
{[%clk 0:00:11]} Ke6 {[%clk 0:00:12]} 39. Re2 {[%clk 0:00:09]} a5
{[%clk 0:00:12]} 40. Ng4 {[%clk 0:00:09]} Bg7 {[%clk 0:00:11]} 41. Ne3
{[%clk 0:00:09]} Kd6 {[%clk 0:00:11]} 42. g4 {[%clk 0:00:10]} Bh6
{[%clk 0:00:11]} 43. Kg3 {[%clk 0:00:10]} Bg7 {[%clk 0:00:09]} 44. h4
{[%clk 0:00:10]} Rf7 {[%clk 0:00:07]} 45. Rf2 {[%clk 0:00:10]} Rc7
{[%clk 0:00:06]} 46. h5 {[%clk 0:00:11]} b4 {[%clk 0:00:06]} 47. axb4
{[%clk 0:00:12]} axb4 {[%clk 0:00:08]} 48. Ra1 {[%clk 0:00:12]} Bxd4
{[%clk 0:00:08]} 49. Ra6+ {[%clk 0:00:15]} Kc5 {[%clk 0:00:10]} 50. Re2
{[%clk 0:00:14]} Rf7 {[%clk 0:00:08]} 51. Nd1 {[%clk 0:00:09]} Rf1
{[%clk 0:00:07]} 52. Ne3 {[%clk 0:00:09]} Bd3 {[%clk 0:00:05]} 53. Nxf1
{[%clk 0:00:08]} Bxe2 {[%clk 0:00:06]} 54. Ra5+ {[%clk 0:00:09]} Kc4
{[%clk 0:00:07]} 55. Nd2+ {[%clk 0:00:10]} Kd3 {[%clk 0:00:08]} 56. Nf3
{[%clk 0:00:11]} Bxb2 {[%clk 0:00:08]} 57. Rxd5+ {[%clk 0:00:10]} Kc4
{[%clk 0:00:09]} 58. Rd2 {[%clk 0:00:11]} Bxf3 {[%clk 0:00:08]} 59. Kxf3
{[%clk 0:00:11]} Bc3 {[%clk 0:00:07]} 60. Rd8 {[%clk 0:00:12]} b3
{[%clk 0:00:08]} 61. hxg6 {[%clk 0:00:12]} hxg6 {[%clk 0:00:09]} 62. Rc8+
{[%clk 0:00:13]} Kd3 {[%clk 0:00:10]} 63. Kf4 {[%clk 0:00:12]} Bd2+
{[%clk 0:00:08]} 64. Ke5 {[%clk 0:00:13]} b2 {[%clk 0:00:07]} 65. Rb8
{[%clk 0:00:14]} Kc2 {[%clk 0:00:08]} 66. Rc8+ {[%clk 0:00:11]} Bc3+
{[%clk 0:00:08]} 67. Kd4 0-1

[Event "M.Botvinnik Memorial 2012 Blitz"]
[Site "St. Petersburg"]
[Date "2012.08.24"]
[Round "2.1"]
[White "Baghdasaryan, Vahe"]
[Black "Inarkiev, Ernesto"]
[Result "0-1"]
[LiveChessVersion "1.3.1"]
[BlackElo "2683"]
[WhiteElo "2437"]

1. e4 {[%clk 0:03:02]} c5 {[%clk 0:03:03]} 2. Nf3 {[%clk 0:03:03]} e6
{[%clk 0:03:05]} 3. d4 {[%clk 0:03:05]} cxd4 {[%clk 0:03:06]} 4. Nxd4
{[%clk 0:03:06]} a6 {[%clk 0:03:07]} 5. Bd3 {[%clk 0:03:00]} Nf6 {[%clk 0:02:55]}
6. O-O {[%clk 0:02:50]} e5 {[%clk 0:02:56]} 7. Bg5 {[%clk 0:02:50]} h6
{[%clk 0:02:26]} 8. Bxf6 {[%clk 0:02:42]} Qxf6 {[%clk 0:02:27]} 9. Nf5
{[%clk 0:02:34]} d6 {[%clk 0:02:22]} 10. Nc3 {[%clk 0:02:30]} Be6
{[%clk 0:02:17]} 11. Qf3 {[%clk 0:02:13]} Nd7 {[%clk 0:02:11]} 12. Rfd1
{[%clk 0:01:42]} g6 {[%clk 0:01:46]} 13. Ne3 {[%clk 0:01:42]} Qxf3
{[%clk 0:01:46]} 14. gxf3 {[%clk 0:01:43]} Rc8 {[%clk 0:01:42]} 15. Ncd5
{[%clk 0:01:38]} Be7 {[%clk 0:01:36]} 16. Bc4 {[%clk 0:01:35]} Bg5
{[%clk 0:01:21]} 17. Bb3 {[%clk 0:01:14]} Nc5 {[%clk 0:01:14]} 18. Nb6
{[%clk 0:00:53]} Rc6 {[%clk 0:00:47]} 19. Nbc4 {[%clk 0:00:47]} Ke7
{[%clk 0:00:40]} 20. Nd5+ {[%clk 0:00:40]} Bxd5 {[%clk 0:00:38]} 21. Rxd5
{[%clk 0:00:40]} b5 {[%clk 0:00:21]} 22. Na5 {[%clk 0:00:36]} Rb6
{[%clk 0:00:21]} 23. a4 {[%clk 0:00:19]} Rc8 {[%clk 0:00:12]} 24. axb5
{[%clk 0:00:19]} axb5 {[%clk 0:00:13]} 25. Ba2 {[%clk 0:00:10]} Na4
{[%clk 0:00:09]} 26. b4 {[%clk 0:00:08]} Nc3 {[%clk 0:00:08]} 27. Rd3
{[%clk 0:00:06]} Ne2+ {[%clk 0:00:08]} 28. Kf1 {[%clk 0:00:06]} Rxc2
{[%clk 0:00:08]} 29. Bb3 {[%clk 0:00:07]} Rb2 {[%clk 0:00:09]} 30. Bd5
{[%clk 0:00:05]} Nf4 {[%clk 0:00:10]} 31. Rdd1 {[%clk 0:00:04]} Bh4
{[%clk 0:00:11]} 32. Nc6+ {[%clk 0:00:04]} Rxc6 {[%clk 0:00:12]} 33. Bxc6
{[%clk 0:00:05]} Rxf2+ 34. Kg1 Rxf3 {[%clk 0:00:09]} 35. Ra7+ {[%clk 0:00:07]}
Kf8 {[%clk 0:00:07]} 36. Rxd6 {[%clk 0:00:05]} Bf2+ {[%clk 0:00:08]} 37. Kh1
{[%clk 0:00:05]} Bxa7 {[%clk 0:00:09]} 38. Bxb5 {[%clk 0:00:04]} Rb3
{[%clk 0:00:08]} 39. Rd8+ {[%clk 0:00:03]} Kg7 {[%clk 0:00:08]} 0-1

[Event "M.Botvinnik Memorial 2012 Blitz"]
[Site "St. Petersburg"]
[Date "2012.08.24"]
[Round "2.2"]
[White "Tiviakov, Sergei"]
[Black "Malakhov, Igor"]
[Result "1-0"]
[LiveChessVersion "1.3.1"]
[BlackElo "2442"]
[WhiteElo "2674"]

1. e4 {[%clk 0:03:03]} c5 {[%clk 0:03:03]} 2. Nc3 {[%clk 0:03:03]} Nc6
{[%clk 0:03:00]} 3. Bb5 {[%clk 0:03:04]} e6 {[%clk 0:03:00]} 4. Bxc6
{[%clk 0:03:04]} bxc6 {[%clk 0:03:01]} 5. d3 {[%clk 0:03:04]} Ne7
{[%clk 0:02:27]} 6. f4 {[%clk 0:03:04]} d6 {[%clk 0:02:17]} 7. Nf3
{[%clk 0:03:03]} g6 {[%clk 0:01:59]} 8. O-O {[%clk 0:02:59]} Bg7 {[%clk 0:01:59]}
9. Kh1 {[%clk 0:02:58]} O-O {[%clk 0:01:41]} 10. e5 {[%clk 0:02:57]} d5
{[%clk 0:01:40]} 11. Na4 {[%clk 0:02:57]} c4 {[%clk 0:01:36]} 12. dxc4
{[%clk 0:02:57]} dxc4 {[%clk 0:01:37]} 13. Qe2 {[%clk 0:02:40]} Qa5
{[%clk 0:01:29]} 14. Nc3 {[%clk 0:02:24]} Nd5 {[%clk 0:01:29]} 15. Ne4
{[%clk 0:02:24]} c3 {[%clk 0:01:29]} 16. bxc3 {[%clk 0:02:14]} Ba6
{[%clk 0:01:14]} 17. c4 {[%clk 0:02:15]} Nb6 {[%clk 0:01:08]} 18. Nfd2
{[%clk 0:02:04]} Rfd8 {[%clk 0:01:01]} 19. Rg1 {[%clk 0:01:19]} Qa4
{[%clk 0:00:42]} 20. Nc5 {[%clk 0:01:03]} Bxc4 {[%clk 0:00:40]} 21. Qe4
{[%clk 0:01:03]} Qb5 {[%clk 0:00:37]} 22. Nb7 {[%clk 0:00:56]} Bd5
{[%clk 0:00:28]} 23. Qe3 {[%clk 0:00:49]} Nc4 {[%clk 0:00:28]} 24. Nxc4
{[%clk 0:00:49]} Qxb7 {[%clk 0:00:29]} 25. Nd2 {[%clk 0:00:45]} c5
{[%clk 0:00:27]} 26. c4 {[%clk 0:00:43]} Bc6 {[%clk 0:00:27]} 27. Rb1
{[%clk 0:00:43]} Qc7 {[%clk 0:00:28]} 28. Rb3 {[%clk 0:00:39]} Rab8
{[%clk 0:00:28]} 29. Bb2 {[%clk 0:00:39]} Rxb3 {[%clk 0:00:28]} 30. Nxb3
{[%clk 0:00:39]} Bf8 {[%clk 0:00:26]} 31. Ba3 {[%clk 0:00:39]} Qd7
{[%clk 0:00:18]} 32. Bxc5 {[%clk 0:00:37]} Bxc5 {[%clk 0:00:18]} 33. Qxc5
{[%clk 0:00:36]} Ba8 {[%clk 0:00:19]} 34. h3 {[%clk 0:00:36]} a6 {[%clk 0:00:19]}
35. Kh2 {[%clk 0:00:35]} Qd3 {[%clk 0:00:20]} 36. Qb6 {[%clk 0:00:29]} Kg7
{[%clk 0:00:19]} 37. c5 {[%clk 0:00:27]} Rc8 {[%clk 0:00:11]} 38. Qa5
{[%clk 0:00:20]} Qe4 {[%clk 0:00:11]} 39. Qd2 {[%clk 0:00:19]} a5
{[%clk 0:00:12]} 40. Re1 {[%clk 0:00:17]} Qa4 {[%clk 0:00:08]} 41. Rc1
{[%clk 0:00:17]} Qe4 {[%clk 0:00:08]} 42. Nxa5 {[%clk 0:00:17]} Rd8
{[%clk 0:00:09]} 43. Qf2 {[%clk 0:00:17]} Rd4 {[%clk 0:00:09]} 44. Nb3
{[%clk 0:00:17]} Rd3 {[%clk 0:00:08]} 45. c6 {[%clk 0:00:17]} Bxc6
{[%clk 0:00:09]} 46. Nc5 {[%clk 0:00:18]} Qd4 {[%clk 0:00:10]} 47. Nxd3
{[%clk 0:00:19]} 1-0

[Event "M.Botvinnik Memorial 2012 Blitz"]
[Site "St. Petersburg"]
[Date "2012.08.24"]
[Round "2.3"]
[White "Bodnaruk, Anastasia"]
[Black "Zvjaginsev, Vadim"]
[Result "1/2-1/2"]
[LiveChessVersion "1.3.1"]
[BlackElo "2671"]
[WhiteElo "2421"]

1. e4 g6 2. d4 Bg7 3. Nc3 d6 4. f4 Nf6 5. Nf3 O-O 6. Bd3 {[%clk 0:02:56]} Na6
{[%clk 0:02:58]} 7. O-O {[%clk 0:02:51]} c5 {[%clk 0:02:58]} 8. d5
{[%clk 0:02:46]} Bg4 {[%clk 0:02:57]} 9. Bc4 {[%clk 0:02:36]} Rb8
{[%clk 0:02:52]} 10. a4 {[%clk 0:02:30]} Nb4 {[%clk 0:02:47]} 11. h3
{[%clk 0:01:58]} Bxf3 {[%clk 0:02:46]} 12. Rxf3 {[%clk 0:01:59]} a6
{[%clk 0:02:42]} 13. a5 {[%clk 0:01:55]} Nd7 {[%clk 0:02:15]} 14. b3
{[%clk 0:01:12]} b5 {[%clk 0:02:04]} 15. Bf1 {[%clk 0:01:04]} f5 {[%clk 0:01:50]}
16. exf5 {[%clk 0:00:45]} Rxf5 {[%clk 0:01:50]} 17. g4 {[%clk 0:00:39]} Rf8
{[%clk 0:01:01]} 18. Bg2 {[%clk 0:00:35]} g5 {[%clk 0:00:56]} 19. f5
{[%clk 0:00:29]} Bd4+ {[%clk 0:00:42]} 20. Kh1 {[%clk 0:00:31]} Ne5
{[%clk 0:00:43]} 21. Rg3 {[%clk 0:00:26]} Bf2 {[%clk 0:00:44]} 22. Re3
{[%clk 0:00:22]} Bxe3 23. Bxe3 h6 {[%clk 0:00:35]} 24. Ne2 {[%clk 0:00:22]} Qe8
{[%clk 0:00:31]} 25. Be4 {[%clk 0:00:23]} h5 {[%clk 0:00:30]} 26. Ng3
{[%clk 0:00:20]} hxg4 27. hxg4 Rf7 {[%clk 0:00:32]} 28. Kg2 {[%clk 0:00:19]} Rh7
{[%clk 0:00:33]} 29. c3 {[%clk 0:00:17]} Rh4 {[%clk 0:00:33]} 30. cxb4
{[%clk 0:00:14]} Rxg4 {[%clk 0:00:34]} 31. Bf3 {[%clk 0:00:13]} Rxb4
{[%clk 0:00:32]} 32. Bxg5 {[%clk 0:00:09]} Qf7 {[%clk 0:00:31]} 33. Qd2
{[%clk 0:00:09]} Rd4 {[%clk 0:00:30]} 34. Qe2 {[%clk 0:00:07]} Nxf3
{[%clk 0:00:31]} 35. Qxf3 {[%clk 0:00:08]} Qxd5 {[%clk 0:00:31]} 36. Qxd5+
{[%clk 0:00:10]} Rxd5 {[%clk 0:00:32]} 37. Bxe7 {[%clk 0:00:11]} Kf7
{[%clk 0:00:34]} 38. f6 {[%clk 0:00:12]} Rg8 {[%clk 0:00:34]} 39. Kf2
{[%clk 0:00:11]} Rd2+ 40. Ke3 Rb2 {[%clk 0:00:23]} 41. Ne4 {[%clk 0:00:14]} Rxb3+
{[%clk 0:00:24]} 42. Kf4 {[%clk 0:00:16]} Rb4 {[%clk 0:00:24]} 43. Kf5
{[%clk 0:00:17]} Rxe4 {[%clk 0:00:18]} 44. Kxe4 {[%clk 0:00:18]} Rg2
{[%clk 0:00:19]} 45. Kd5 {[%clk 0:00:18]} c4 {[%clk 0:00:18]} 46. Bxd6
{[%clk 0:00:15]} c3 {[%clk 0:00:18]} 47. Be5 {[%clk 0:00:14]} c2 {[%clk 0:00:20]}
48. Rh1 {[%clk 0:00:09]} Rd2+ {[%clk 0:00:20]} 49. Ke4 {[%clk 0:00:08]} Rd1
{[%clk 0:00:21]} 50. Rh7+ {[%clk 0:00:09]} Kf8 {[%clk 0:00:21]} 51. Rh8+
{[%clk 0:00:09]} Kf7 {[%clk 0:00:22]} 52. Rh7+ {[%clk 0:00:10]} Kf8
{[%clk 0:00:23]} 53. Rh8+ {[%clk 0:00:12]} Kf7 {[%clk 0:00:23]} 54. Rh7+
{[%clk 0:00:08]} Kf8 55. Rh8+ 1/2-1/2

[Event "M.Botvinnik Memorial 2012 Blitz"]
[Site "St. Petersburg"]
[Date "2012.08.24"]
[Round "2.4"]
[White "Arslanov, Shamil"]
[Black "Kovalenko, Igor"]
[Result "0-1"]
[LiveChessVersion "1.3.1"]
[BlackElo "2650"]
[WhiteElo "2415"]

1. e4 {[%clk 0:03:03]} c6 {[%clk 0:03:04]} 2. d4 {[%clk 0:03:04]} d5
{[%clk 0:03:05]} 3. exd5 {[%clk 0:03:04]} cxd5 {[%clk 0:03:07]} 4. c4
{[%clk 0:03:06]} Nf6 {[%clk 0:03:08]} 5. Nc3 {[%clk 0:03:05]} Nc6
{[%clk 0:03:09]} 6. Bg5 {[%clk 0:03:05]} Ne4 {[%clk 0:03:10]} 7. Nxe4
{[%clk 0:02:55]} dxe4 {[%clk 0:03:12]} 8. d5 {[%clk 0:02:57]} Ne5
{[%clk 0:03:13]} 9. Qd4 {[%clk 0:02:27]} f6 {[%clk 0:03:14]} 10. Qxe4
{[%clk 0:02:20]} Qb6 {[%clk 0:03:15]} 11. Bd2 {[%clk 0:01:51]} e6
{[%clk 0:03:14]} 12. Nf3 {[%clk 0:01:20]} Bc5 {[%clk 0:01:51]} 13. Nxe5
{[%clk 0:01:02]} Bxf2+ {[%clk 0:01:48]} 14. Kd1 {[%clk 0:01:03]} fxe5
{[%clk 0:01:48]} 15. Bd3 {[%clk 0:00:54]} Bd4 {[%clk 0:01:41]} 16. Rb1
{[%clk 0:00:46]} exd5 {[%clk 0:01:41]} 17. cxd5 {[%clk 0:00:43]} Rf8
{[%clk 0:01:40]} 18. Bc3 {[%clk 0:00:08]} Bf5 {[%clk 0:01:11]} 19. Qe2
{[%clk 0:00:09]} O-O-O {[%clk 0:00:47]} 20. Bxf5+ {[%clk 0:00:03]} Rxf5
{[%clk 0:00:47]} 0-1

[Event "M.Botvinnik Memorial 2012 Blitz"]
[Site "St. Petersburg"]
[Date "2012.08.24"]
[Round "2.5"]
[White "Alekseev, Evgeny"]
[Black "Rusanov, Michail"]
[Result "1-0"]
[LiveChessVersion "1.3.1"]
[BlackElo "2440"]
[WhiteElo "2639"]

1. e4 {[%clk 0:03:02]} e6 {[%clk 0:03:02]} 2. d4 {[%clk 0:03:03]} d5
{[%clk 0:03:03]} 3. Nc3 {[%clk 0:03:04]} Bb4 {[%clk 0:03:03]} 4. exd5
{[%clk 0:03:04]} Qxd5 {[%clk 0:03:02]} 5. Nf3 {[%clk 0:03:02]} Nf6
{[%clk 0:03:03]} 6. Bd3 {[%clk 0:03:00]} b6 {[%clk 0:03:01]} 7. O-O
{[%clk 0:02:59]} Bxc3 {[%clk 0:03:02]} 8. bxc3 {[%clk 0:02:59]} Bb7
{[%clk 0:03:02]} 9. Ba3 {[%clk 0:02:48]} Nbd7 {[%clk 0:03:01]} 10. Re1
{[%clk 0:02:38]} O-O-O {[%clk 0:02:58]} 11. Qe2 {[%clk 0:02:32]} Qh5
{[%clk 0:02:46]} 12. c4 {[%clk 0:02:27]} Bxf3 {[%clk 0:02:25]} 13. Qxf3
{[%clk 0:02:27]} Qxf3 {[%clk 0:02:26]} 14. gxf3 {[%clk 0:02:28]} c5
{[%clk 0:02:13]} 15. c3 {[%clk 0:01:59]} cxd4 {[%clk 0:02:13]} 16. cxd4
{[%clk 0:02:00]} Nc5 {[%clk 0:02:14]} 17. Bxc5 {[%clk 0:01:52]} bxc5
{[%clk 0:02:15]} 18. d5 {[%clk 0:01:53]} Kc7 {[%clk 0:01:42]} 19. Rac1
{[%clk 0:01:51]} Rhe8 {[%clk 0:01:40]} 20. Red1 {[%clk 0:01:35]} e5
{[%clk 0:01:27]} 21. Rc3 {[%clk 0:01:29]} Rd6 {[%clk 0:01:08]} 22. Ra3
{[%clk 0:01:15]} a6 {[%clk 0:01:00]} 23. Ra5 {[%clk 0:01:14]} Kb6
{[%clk 0:00:58]} 24. Ra3 {[%clk 0:01:15]} Ka7 {[%clk 0:00:44]} 25. Re1
{[%clk 0:01:13]} Nd7 {[%clk 0:00:37]} 26. Bc2 {[%clk 0:01:06]} f6
{[%clk 0:00:31]} 27. Bxh7 {[%clk 0:00:55]} Rh8 {[%clk 0:00:30]} 28. Bf5
{[%clk 0:00:48]} Nb6 {[%clk 0:00:30]} 29. Rc3 {[%clk 0:00:42]} Rh4
{[%clk 0:00:31]} 30. Re4 {[%clk 0:00:43]} Rh5 {[%clk 0:00:26]} 31. Be6
{[%clk 0:00:44]} g5 {[%clk 0:00:22]} 32. Kg2 {[%clk 0:00:43]} Rh8
{[%clk 0:00:22]} 33. Ra3 {[%clk 0:00:41]} Rh4 {[%clk 0:00:15]} 34. Ra5
{[%clk 0:00:37]} Nxc4 {[%clk 0:00:12]} 35. Rxc5 {[%clk 0:00:38]} Nb6
{[%clk 0:00:06]} 36. Kg3 {[%clk 0:00:21]} Rf4 {[%clk 0:00:07]} 37. Rxf4
{[%clk 0:00:19]} exf4+ {[%clk 0:00:07]} 38. Kg4 {[%clk 0:00:20]} Kb7
{[%clk 0:00:08]} 39. Kf5 {[%clk 0:00:19]} Ka7 {[%clk 0:00:07]} 40. Rc6 1-0

[Event "M.Botvinnik Memorial 2012 Blitz"]
[Site "St. Petersburg"]
[Date "2012.08.24"]
[Round "2.6"]
[White "Neverov, Valeriy"]
[Black "Timofeev, Artyom"]
[Result "1-0"]
[LiveChessVersion "1.3.1"]
[BlackElo "2639"]
[WhiteElo "2392"]

1. d4 {[%clk 0:03:02]} Nf6 {[%clk 0:03:02]} 2. c4 {[%clk 0:03:03]} g6
{[%clk 0:03:03]} 3. Nf3 {[%clk 0:03:04]} Bg7 {[%clk 0:03:04]} 4. g3
{[%clk 0:03:05]} d5 {[%clk 0:03:02]} 5. Bg2 {[%clk 0:03:05]} dxc4
{[%clk 0:03:02]} 6. Na3 {[%clk 0:03:05]} c3 {[%clk 0:03:03]} 7. bxc3
{[%clk 0:03:06]} O-O {[%clk 0:03:01]} 8. O-O {[%clk 0:03:06]} c5 {[%clk 0:03:02]}
9. Nc4 {[%clk 0:02:52]} Be6 {[%clk 0:02:55]} 10. Nce5 {[%clk 0:02:46]} Qa5
{[%clk 0:02:43]} 11. Bb2 {[%clk 0:02:09]} Nd5 {[%clk 0:02:26]} 12. Ng5
{[%clk 0:01:41]} Nc6 {[%clk 0:02:12]} 13. Nxe6 {[%clk 0:01:28]} fxe6
{[%clk 0:02:12]} 14. Nd7 {[%clk 0:01:18]} Nxc3 {[%clk 0:01:51]} 15. Bxc3
{[%clk 0:01:13]} Qxc3 {[%clk 0:01:52]} 16. Nxf8 {[%clk 0:01:12]} Rxf8
{[%clk 0:01:51]} 17. Rc1 {[%clk 0:01:00]} Qxd4 {[%clk 0:01:49]} 18. Bxc6
{[%clk 0:01:00]} bxc6 {[%clk 0:01:45]} 19. Qxd4 {[%clk 0:01:00]} cxd4
{[%clk 0:01:43]} 20. Rxc6 {[%clk 0:01:01]} e5 {[%clk 0:01:43]} 21. Rfc1
{[%clk 0:00:50]} Rf5 {[%clk 0:01:27]} 22. Rc7 {[%clk 0:00:43]} Kf7
{[%clk 0:01:26]} 23. Rxa7 {[%clk 0:00:33]} e4 {[%clk 0:01:26]} 24. a4
{[%clk 0:00:28]} d3 {[%clk 0:01:26]} 25. exd3 {[%clk 0:00:27]} Bd4
{[%clk 0:01:26]} 26. Rd7 {[%clk 0:00:08]} Bxf2+ {[%clk 0:01:25]} 27. Kg2
{[%clk 0:00:08]} e3 {[%clk 0:01:26]} 28. Rc2 {[%clk 0:00:07]} Ra5
{[%clk 0:01:22]} 29. Ra2 {[%clk 0:00:09]} Kf6 {[%clk 0:01:19]} 30. Rb7
{[%clk 0:00:09]} Be1 {[%clk 0:01:15]} 31. Rb5 {[%clk 0:00:10]} Ra6
{[%clk 0:01:16]} 32. a5 {[%clk 0:00:10]} Bd2 {[%clk 0:01:17]} 33. Kf3
{[%clk 0:00:11]} e5 {[%clk 0:01:17]} 34. Rb6+ {[%clk 0:00:12]} 1-0

[Event "M.Botvinnik Memorial 2012 Blitz"]
[Site "St. Petersburg"]
[Date "2012.08.24"]
[Round "2.7"]
[White "Lavrov, Maxim"]
[Black "Grigoryan, Avetik"]
[Result "0-1"]
[LiveChessVersion "1.3.1"]
[BlackElo "2626"]
[WhiteElo "2383"]

1. e4 e6 2. d4 d5 3. e5 c5 4. c3 Nc6 5. Nf3 Nh6 6. a3 Nf5 7. b4 cxd4 8. cxd4 Bd7
9. Bb2 b5 10. Bd3 a5 11. bxa5 Nxa5 12. O-O Nc4 13. Bc3 Be7 14. a4 b4 15. Be1 O-O
16. Bxf5 exf5 17. Nbd2 Nb2 18. Qb3 Nxa4 19. Qxd5 Be6 20. Qxd8 Rfxd8 21. h4 b3 22.
Ng5 b2 23. Rb1 Ba2 0-1

[Event "M.Botvinnik Memorial 2012 Blitz"]
[Site "St. Petersburg"]
[Date "2012.08.24"]
[Round "2.8"]
[White "Andriasian, Zaven"]
[Black "Lovkov, Roman"]
[Result "0-1"]
[LiveChessVersion "1.3.1"]
[BlackElo "2424"]
[WhiteElo "2616"]

1. e4 c5 2. Nf3 d6 3. d4 cxd4 4. Nxd4 Nf6 5. Nc3 a6 6. Be3 Ng4 7. Bg5 h6 8. Bh4
g5 9. Bg3 Bg7 10. Be2 h5 11. Bxg4 hxg4 12. Qd2 Nc6 13. Nxc6 bxc6 14. O-O Qa5 15.
Rfe1 Be5 16. Qxg5 Bxc3 17. e5 Bxe1 18. b4 Bxb4 19. Qg7 Rf8 20. Rd1 Bc3 21. Qh7
Bxe5 22. Qe4 Bd7 23. Bh4 Rb8 24. c4 Qxa2 25. c5 Qb3 26. Re1 Qb4 27. Qe2 Qxc5 28.
Qxa6 Qb5 29. Qa7 Rh8 30. Bg3 Qb4 31. Rd1 Qb6 32. Qa3 Bxg3 33. hxg3 Qc5 34. Qa1
Qh5 35. Kf1 c5 36. Qa5 Bb5+ 37. Ke1 Qg5 38. f4 gxf3 39. Kf2 fxg2 40. Qa1 Qf6+ 0-1

[Event "M.Botvinnik Memorial 2012 Blitz"]
[Site "St. Petersburg"]
[Date "2012.08.24"]
[Round "2.9"]
[White "Ulanov, Alexandr"]
[Black "Bukavshin, Ivan"]
[Result "0-1"]
[LiveChessVersion "1.3.1"]
[BlackElo "2609"]
[WhiteElo "2360"]

1. d4 Nf6 2. Nf3 d5 3. c4 e6 4. Nc3 c6 5. e3 Nbd7 6. Qc2 Bd6 7. e4 Nxe4 8. Nxe4
dxe4 9. Qxe4 c5 10. Bd2 Nf6 11. Qh4 cxd4 12. Qxd4 e5 13. Qe3 Qe7 14. O-O-O O-O
15. Bc3 Ng4 16. Qe1 e4 17. Nd4 Qf6 18. f3 Qh6+ 19. Kb1 exf3 20. gxf3 Ne3 21. Rc1
Bf4 22. Bd3 Bh3 23. Ka1 Rfe8 24. Qf2 Rad8 25. Rhg1 g6 26. a3 Nxc4 27. Bxc4 Bxc1
28. Qc2 Be3 29. Rd1 Qf4 30. Qb3 0-1

[Event "M.Botvinnik Memorial 2012 Blitz"]
[Site "St. Petersburg"]
[Date "2012.08.24"]
[Round "2.10"]
[White "Khismatullin, Denis"]
[Black "Pakhomov, Egor"]
[Result "1-0"]
[LiveChessVersion "1.3.1"]
[BlackElo "2417"]
[WhiteElo "2607"]

1. d4 d5 2. c4 e6 3. Nf3 Nf6 4. Nc3 c6 5. e3 Nbd7 6. Qc2 Bd6 7. b3 O-O 8. Bb2 e5
9. Be2 dxc4 10. bxc4 exd4 11. exd4 c5 12. d5 Ne5 13. O-O Nxf3+ 14. Bxf3 Ng4 15.
g3 Qg5 16. Rae1 Bf5 17. Be4 Bg6 18. f4 Bxe4 19. Nxe4 Qg6 20. f5 Qh6 21. Bc1 1-0

[Event "M.Botvinnik Memorial 2012 Blitz"]
[Site "St. Petersburg"]
[Date "2012.08.24"]
[Round "2.11"]
[White "Iljiushenok, Ilia"]
[Black "Lysyj, Igor"]
[Result "0-1"]
[LiveChessVersion "1.3.1"]
[BlackElo "2604"]
[WhiteElo "2342"]

1. e4 {[%clk 0:03:02]} e5 {[%clk 0:03:03]} 2. Nf3 {[%clk 0:03:00]} Nc6
{[%clk 0:03:05]} 3. d4 {[%clk 0:02:59]} exd4 {[%clk 0:03:04]} 4. Nxd4
{[%clk 0:02:57]} Nf6 {[%clk 0:03:05]} 5. Nxc6 {[%clk 0:02:52]} bxc6
{[%clk 0:03:05]} 6. e5 {[%clk 0:02:47]} Qe7 {[%clk 0:03:06]} 7. Qe2
{[%clk 0:02:43]} Nd5 {[%clk 0:03:07]} 8. c4 {[%clk 0:02:40]} Ba6 {[%clk 0:03:08]}
9. Nd2 {[%clk 0:02:32]} g6 {[%clk 0:03:06]} 10. Nf3 {[%clk 0:02:11]} Bg7
{[%clk 0:03:06]} 11. Bg5 {[%clk 0:01:50]} Qb4+ {[%clk 0:03:06]} 12. Qd2
{[%clk 0:01:48]} Qxd2+ {[%clk 0:03:06]} 13. Bxd2 {[%clk 0:01:42]} Nb6
{[%clk 0:03:06]} 14. b3 {[%clk 0:01:41]} d6 {[%clk 0:02:41]} 15. O-O-O
{[%clk 0:01:24]} dxe5 {[%clk 0:02:09]} 16. Nxe5 {[%clk 0:01:24]} Bxe5
{[%clk 0:02:08]} 17. Re1 {[%clk 0:01:26]} Nd7 {[%clk 0:02:04]} 18. f4
{[%clk 0:01:23]} f6 {[%clk 0:02:04]} 19. fxe5 {[%clk 0:01:21]} Nxe5
{[%clk 0:02:04]} 20. Bc3 {[%clk 0:01:21]} O-O-O {[%clk 0:01:58]} 21. Bxe5
{[%clk 0:01:19]} fxe5 {[%clk 0:01:59]} 22. Rxe5 {[%clk 0:01:19]} Rhe8
{[%clk 0:01:58]} 23. Rxe8 {[%clk 0:01:18]} Rxe8 {[%clk 0:01:59]} 24. Kd2
{[%clk 0:01:20]} c5 {[%clk 0:01:55]} 25. Be2 {[%clk 0:01:13]} Bb7
{[%clk 0:01:52]} 26. Bf3 {[%clk 0:01:14]} Bxf3 {[%clk 0:01:49]} 27. gxf3
{[%clk 0:01:15]} Kd7 {[%clk 0:01:39]} 28. Rg1 {[%clk 0:01:11]} Re5
{[%clk 0:01:33]} 29. Rg2 {[%clk 0:01:00]} Kd6 {[%clk 0:01:30]} 30. Kd3
{[%clk 0:00:47]} a5 {[%clk 0:01:20]} 31. f4 {[%clk 0:00:47]} Rh5 {[%clk 0:00:49]}
32. Ke4 {[%clk 0:00:48]} Ke6 {[%clk 0:00:44]} 33. Rd2 {[%clk 0:00:47]} c6
{[%clk 0:00:41]} 34. Kf3 {[%clk 0:00:37]} Rh3+ {[%clk 0:00:21]} 35. Kg4
{[%clk 0:00:38]} Rc3 {[%clk 0:00:22]} 36. h4 {[%clk 0:00:37]} a4 {[%clk 0:00:22]}
37. bxa4 {[%clk 0:00:35]} Rxc4 {[%clk 0:00:23]} 38. Re2+ {[%clk 0:00:26]} Kd6
{[%clk 0:00:23]} 39. a5 {[%clk 0:00:21]} Ra4 {[%clk 0:00:22]} 40. Rd2+
{[%clk 0:00:22]} Ke6 {[%clk 0:00:21]} 41. Re2+ {[%clk 0:00:23]} Kd5
{[%clk 0:00:21]} 42. Re5+ {[%clk 0:00:23]} Kd4 {[%clk 0:00:18]} 43. Re6
{[%clk 0:00:23]} Rxa5 {[%clk 0:00:16]} 44. Rxc6 {[%clk 0:00:25]} c4
{[%clk 0:00:16]} 45. a4 {[%clk 0:00:22]} c3 {[%clk 0:00:16]} 46. Rd6+
{[%clk 0:00:20]} Rd5 {[%clk 0:00:16]} 47. Re6 {[%clk 0:00:21]} c2
{[%clk 0:00:16]} 48. Re1 {[%clk 0:00:21]} Kd3 {[%clk 0:00:16]} 49. Rh1 0-1